000
00342nam a2200157Ia 4500
005
20250425161258.0
008
250425s9999 xx 000 0 und d
041
_a
spa
082
_a
639.2
245
0
_a
LA INDUSTRIA DE LA PESCA
250
_a
S.E.
260
_a
S.L.
260
_a
Sin Pais
_b
NMEN
_c
1943
942
_c
01
010
_a
16755
999
_c
206016
_d
206016